<?xml version="1.0" encoding="UTF-8"?>
<record
    xmlns:xsi="http://www.w3.org/2001/XMLSchema-instance"
    xsi:schemaLocation="http://www.loc.gov/MARC21/slim http://www.loc.gov/standards/marcxml/schema/MARC21slim.xsd"
    xmlns="http://www.loc.gov/MARC21/slim">

  <leader>02069nam0a2200421   4500</leader>
  <controlfield tag="001">RU\NLR\bibl\1065896</controlfield>
  <controlfield tag="005">20260405165233.0</controlfield>
  <datafield tag="010" ind1=" " ind2=" ">
    <subfield code="a">5-7493-1072-8</subfield>
  </datafield>
  <datafield tag="010" ind1=" " ind2=" ">
    <subfield code="a">978-5-7493-1072-6</subfield>
    <subfield code="9">300</subfield>
  </datafield>
  <datafield tag="021" ind1=" " ind2=" ">
    <subfield code="a">RU</subfield>
    <subfield code="b">2007-10110</subfield>
    <subfield code="9">536</subfield>
  </datafield>
  <datafield tag="035" ind1=" " ind2=" ">
    <subfield code="a">(nilc)RSL-KNO-003047477</subfield>
  </datafield>
  <datafield tag="035" ind1=" " ind2=" ">
    <subfield code="a">(NLR Aleph) 001053149</subfield>
  </datafield>
  <datafield tag="090" ind1=" " ind2=" ">
    <subfield code="a">891413</subfield>
    <subfield code="c">891413</subfield>
  </datafield>
  <datafield tag="100" ind1=" " ind2=" ">
    <subfield code="a">20070301d2006    |||y0rusy50      ca</subfield>
  </datafield>
  <datafield tag="101" ind1="0" ind2=" ">
    <subfield code="a">rus</subfield>
  </datafield>
  <datafield tag="102" ind1=" " ind2=" ">
    <subfield code="a">RU</subfield>
  </datafield>
  <datafield tag="105" ind1=" " ind2=" ">
    <subfield code="a">a   z   |||||</subfield>
  </datafield>
  <datafield tag="106" ind1=" " ind2=" ">
    <subfield code="a">r</subfield>
  </datafield>
  <datafield tag="200" ind1="1" ind2=" ">
    <subfield code="a">&#x41B;&#x438;&#x43F;&#x438;&#x434;&#x43D;&#x44B;&#x439; &#x434;&#x438;&#x441;&#x442;&#x440;&#x435;&#x441;&#x441;-&#x441;&#x438;&#x43D;&#x434;&#x440;&#x43E;&#x43C; &#x43F;&#x440;&#x438; &#x441;&#x43F;&#x430;&#x435;&#x447;&#x43D;&#x43E;&#x439; &#x431;&#x43E;&#x43B;&#x435;&#x437;&#x43D;&#x438;</subfield>
    <subfield code="f">&#x410;. &#x41F;. &#x412;&#x43B;&#x430;&#x441;&#x43E;&#x432;, &#x41E;. &#x42E;. &#x420;&#x443;&#x431;&#x446;&#x43E;&#x432;, &#x412;. &#x410;. &#x422;&#x440;&#x43E;&#x444;&#x438;&#x43C;&#x43E;&#x432;</subfield>
  </datafield>
  <datafield tag="210" ind1=" " ind2=" ">
    <subfield code="a">&#x421;&#x430;&#x440;&#x430;&#x43D;&#x441;&#x43A;</subfield>
    <subfield code="c">&#x41A;&#x440;&#x430;&#x441;&#x43D;&#x44B;&#x439; &#x41E;&#x43A;&#x442;&#x44F;&#x431;&#x440;&#x44C;</subfield>
    <subfield code="d">2006</subfield>
  </datafield>
  <datafield tag="215" ind1=" " ind2=" ">
    <subfield code="a">278, [1] &#x441;., [4] &#x43B;. &#x446;&#x432;. &#x438;&#x43B;.</subfield>
    <subfield code="c">&#x438;&#x43B;., &#x442;&#x430;&#x431;&#x43B;.</subfield>
    <subfield code="d">21</subfield>
  </datafield>
  <datafield tag="320" ind1=" " ind2=" ">
    <subfield code="a">&#x411;&#x438;&#x431;&#x43B;&#x438;&#x43E;&#x433;&#x440;.: &#x441;. 235-273</subfield>
  </datafield>
  <datafield tag="606" ind1="1" ind2=" ">
    <subfield code="a">&#x421;&#x43F;&#x430;&#x435;&#x447;&#x43D;&#x430;&#x44F; &#x431;&#x43E;&#x43B;&#x435;&#x437;&#x43D;&#x44C;</subfield>
    <subfield code="x">&#x42D;&#x442;&#x438;&#x43E;&#x43B;&#x43E;&#x433;&#x438;&#x44F; &#x438; &#x43F;&#x430;&#x442;&#x43E;&#x433;&#x435;&#x43D;&#x435;&#x437;</subfield>
    <subfield code="x">&#x420;&#x43E;&#x43B;&#x44C; &#x440;&#x430;&#x441;&#x441;&#x442;&#x440;&#x43E;&#x439;&#x441;&#x442;&#x432; &#x43B;&#x438;&#x43F;&#x438;&#x434;&#x43D;&#x43E;&#x433;&#x43E; &#x43E;&#x431;&#x43C;&#x435;&#x43D;&#x430;</subfield>
    <subfield code="9">2471450</subfield>
    <subfield code="3">RU\NLR\auth\661467824</subfield>
  </datafield>
  <datafield tag="610" ind1="0" ind2=" ">
    <subfield code="a">&#x417;&#x434;&#x440;&#x430;&#x432;&#x43E;&#x43E;&#x445;&#x440;&#x430;&#x43D;&#x435;&#x43D;&#x438;&#x435;. &#x41C;&#x435;&#x434;&#x438;&#x446;&#x438;&#x43D;&#x441;&#x43A;&#x438;&#x435; &#x43D;&#x430;&#x443;&#x43A;&#x438; -- &#x425;&#x438;&#x440;&#x443;&#x440;&#x433;&#x438;&#x44F; -- &#x410;&#x431;&#x434;&#x43E;&#x43C;&#x438;&#x43D;&#x430;&#x43B;&#x44C;&#x43D;&#x430;&#x44F; &#x445;&#x438;&#x440;&#x443;&#x440;&#x433;&#x438;&#x44F; -- &#x41E;&#x43F;&#x435;&#x440;&#x430;&#x446;&#x438;&#x438; &#x43D;&#x430; &#x43E;&#x440;&#x433;&#x430;&#x43D;&#x430;&#x445; &#x431;&#x440;&#x44E;&#x448;&#x43D;&#x43E;&#x439; &#x43F;&#x43E;&#x43B;&#x43E;&#x441;&#x442;&#x438; -- &#x41F;&#x43E;&#x441;&#x43B;&#x435;&#x43E;&#x43F;&#x435;&#x440;&#x430;&#x446;&#x438;&#x43E;&#x43D;&#x43D;&#x44B;&#x435; &#x43E;&#x441;&#x43B;&#x43E;&#x436;&#x43D;&#x435;&#x43D;&#x438;&#x44F; -- &#x41F;&#x43E;&#x441;&#x43E;&#x431;&#x438;&#x435; &#x434;&#x43B;&#x44F; &#x441;&#x43F;&#x435;&#x446;&#x438;&#x430;&#x43B;&#x438;&#x441;&#x442;&#x43E;&#x432;</subfield>
  </datafield>
  <datafield tag="610" ind1="0" ind2=" ">
    <subfield code="a">&#x441;&#x43F;&#x430;&#x435;&#x447;&#x43D;&#x430;&#x44F; &#x431;&#x43E;&#x43B;&#x435;&#x437;&#x43D;&#x44C;</subfield>
  </datafield>
  <datafield tag="610" ind1="0" ind2=" ">
    <subfield code="a">&#x43B;&#x438;&#x43F;&#x438;&#x434;&#x43D;&#x44B;&#x439; &#x434;&#x438;&#x441;&#x442;&#x440;&#x435;&#x441;&#x441;-&#x441;&#x438;&#x43D;&#x434;&#x440;&#x43E;&#x43C;</subfield>
  </datafield>
  <datafield tag="686" ind1=" " ind2=" ">
    <subfield code="a">&#x420;457.445-387,07</subfield>
    <subfield code="2">rubbk</subfield>
  </datafield>
  <datafield tag="686" ind1=" " ind2=" ">
    <subfield code="a">&#x420;457.4-387</subfield>
  </datafield>
  <datafield tag="700" ind1=" " ind2="1">
    <subfield code="4">070</subfield>
    <subfield code="8">rus</subfield>
    <subfield code="7">ca</subfield>
    <subfield code="a">&#x412;&#x43B;&#x430;&#x441;&#x43E;&#x432;</subfield>
    <subfield code="b">&#x410;. &#x41F;.</subfield>
    <subfield code="c">&#x434;-&#x440; &#x43C;&#x435;&#x434;. &#x43D;&#x430;&#x443;&#x43A;</subfield>
    <subfield code="g">&#x410;&#x43B;&#x435;&#x43A;&#x441;&#x435;&#x439; &#x41F;&#x435;&#x442;&#x440;&#x43E;&#x432;&#x438;&#x447;</subfield>
    <subfield code="3">RU\NLR\auth\7730143</subfield>
    <subfield code="9">13170</subfield>
  </datafield>
  <datafield tag="701" ind1=" " ind2="1">
    <subfield code="a">&#x420;&#x443;&#x431;&#x446;&#x43E;&#x432;</subfield>
    <subfield code="b">&#x41E;. &#x42E;.</subfield>
    <subfield code="g">&#x41E;&#x43B;&#x435;&#x433; &#x42E;&#x440;&#x44C;&#x435;&#x432;&#x438;&#x447;</subfield>
    <subfield code="4">070</subfield>
  </datafield>
  <datafield tag="701" ind1=" " ind2="1">
    <subfield code="4">070</subfield>
    <subfield code="8">rus</subfield>
    <subfield code="7">ca</subfield>
    <subfield code="a">&#x422;&#x440;&#x43E;&#x444;&#x438;&#x43C;&#x43E;&#x432;</subfield>
    <subfield code="b">&#x412;. &#x410;.</subfield>
    <subfield code="c">&#x434;-&#x440; &#x431;&#x438;&#x43E;&#x43B;. &#x43D;&#x430;&#x443;&#x43A;</subfield>
    <subfield code="f">1962-</subfield>
    <subfield code="g">&#x412;&#x43B;&#x430;&#x434;&#x438;&#x43C;&#x438;&#x440; &#x410;&#x43B;&#x435;&#x43A;&#x441;&#x430;&#x43D;&#x434;&#x440;&#x43E;&#x432;&#x438;&#x447;</subfield>
    <subfield code="3">RU\NLR\auth\7771150</subfield>
    <subfield code="9">54078</subfield>
  </datafield>
  <datafield tag="801" ind1=" " ind2="0">
    <subfield code="a">RU</subfield>
    <subfield code="b">&#x420;&#x41A;&#x41F;</subfield>
    <subfield code="c">20070301</subfield>
    <subfield code="g">rcr</subfield>
  </datafield>
  <datafield tag="801" ind1=" " ind2="1">
    <subfield code="a">RU</subfield>
    <subfield code="b">&#x420;&#x413;&#x411;</subfield>
    <subfield code="c">20070301</subfield>
  </datafield>
  <datafield tag="801" ind1=" " ind2="2">
    <subfield code="a">RU</subfield>
    <subfield code="b">NLR</subfield>
    <subfield code="c">20070329</subfield>
    <subfield code="g">rcr</subfield>
  </datafield>
  <datafield tag="942" ind1=" " ind2=" ">
    <subfield code="c">BOOK</subfield>
  </datafield>
  <datafield tag="980" ind1=" " ind2=" ">
    <subfield code="a">NB</subfield>
  </datafield>
  <datafield tag="980" ind1=" " ind2=" ">
    <subfield code="a">NBR</subfield>
  </datafield>
  <datafield tag="995" ind1=" " ind2=" ">
    <subfield code="5">2007-03-29</subfield>
    <subfield code="a">ad</subfield>
    <subfield code="b">NLR01</subfield>
    <subfield code="c">NLR01</subfield>
    <subfield code="e">RF9</subfield>
    <subfield code="f">2398690</subfield>
    <subfield code="k">2007-3/9706</subfield>
    <subfield code="o">0</subfield>
    <subfield code="r">BOOK</subfield>
    <subfield code="s">200739706_</subfield>
  </datafield>
  <datafield tag="995" ind1=" " ind2=" ">
    <subfield code="5">2007-03-29</subfield>
    <subfield code="a">ad</subfield>
    <subfield code="b">NLR01</subfield>
    <subfield code="c">NLR01</subfield>
    <subfield code="e">RF9</subfield>
    <subfield code="f">2398691</subfield>
    <subfield code="k">2007-3/9706</subfield>
    <subfield code="o">0</subfield>
    <subfield code="r">BOOK</subfield>
    <subfield code="s">200739706_</subfield>
  </datafield>
</record>
